[Event "Scarborough Open"]
[Site "Scarborough"]
[Date "2023.10.27"]
[Round "1.1"]
[White "Gormally, Daniel"]
[Black "Gostelow, Luke"]
[Result "1-0"]
[WhiteElo "2443"]
[BlackElo "1815"]
[PlyCount "51"]
[EventDate "2023.10.27"]
[EventType "swiss"]
[EventRounds "5"]
[EventCountry "ENG"]
[SourceTitle "BritBase"]
[Source "John Saunders"]
[SourceDate "2023.11.11"]
[SourceVersion "1"]
[SourceVersionDate "2023.11.11"]
[SourceQuality "1"]

1. d4 Nf6 2. c4 e6 3. Nf3 c5 4. d5 d6 5. Nc3 exd5 6. cxd5 g6 7. e4 Bg7 8. h3
O-O 9. Bd3 b5 10. Nxb5 Nxe4 11. Bxe4 Re8 12. Ng5 f5 13. O-O fxe4 14. Re1 Bxb2
15. Bxb2 Qxg5 16. Re3 Qe7 17. Qd2 Nd7 18. Rae1 Ne5 19. Rxe4 Bf5 20. R4e3 Qg5
21. Rxe5 Rxe5 22. Qxg5 Rxe1+ 23. Kh2 Rb1 24. Qf6 Rxb2 25. Qxb2 Rb8 26. Qe2 1-0

[Event "Scarborough Open"]
[Site "Scarborough"]
[Date "2023.10.27"]
[Round "1.2"]
[White "Norinkeviciute, Rasa"]
[Black "Large, Peter G"]
[Result "0-1"]
[WhiteElo "1906"]
[BlackElo "2248"]
[PlyCount "74"]
[EventDate "2023.10.27"]
[EventType "swiss"]
[EventRounds "5"]
[EventCountry "ENG"]
[SourceTitle "BritBase"]
[Source "John Saunders"]
[SourceDate "2023.11.11"]
[SourceVersion "1"]
[SourceVersionDate "2023.11.11"]
[SourceQuality "1"]

1. c4 e6 2. Nf3 Nf6 3. g3 b6 4. Bg2 Bb7 5. b3 c5 6. O-O Be7 7. Bb2 O-O 8. Nc3
a6 9. d4 cxd4 10. Qxd4 d6 11. e4 Qc7 12. Rad1 Nbd7 13. Rfe1 Rac8 14. h3 Rfe8
15. Nd2 Bf8 16. Nf1 Qb8 17. Ne3 h5 18. Ba3 Ne5 19. Nf1 Qc7 20. Nd2 Red8 21. b4
Ned7 22. Rc1 Qb8 23. Qe3 Qa8 24. Bb2 d5 25. cxd5 exd5 26. Nxd5 Nxd5 27. exd5
Bxd5 28. Bxd5 Qxd5 29. a3 Nc5 30. Nf1 Nd3 31. Red1 Rxc1 32. Bxc1 Rd6 33. Bd2
Ne5 34. Nh2 Nc4 35. Qf3 Nxd2 36. Qxd5 Rxd5 37. Kg2 Rd6 0-1

[Event "Scarborough Open"]
[Site "Scarborough"]
[Date "2023.10.27"]
[Round "1.3"]
[White "Wall, Timothy P"]
[Black "Dasgupta, Avyukt"]
[Result "1-0"]
[WhiteElo "2216"]
[BlackElo "1977"]
[PlyCount "67"]
[EventDate "2023.10.27"]
[EventType "swiss"]
[EventRounds "5"]
[EventCountry "ENG"]
[SourceTitle "BritBase"]
[Source "John Saunders"]
[SourceDate "2023.11.11"]
[SourceVersion "1"]
[SourceVersionDate "2023.11.11"]
[SourceQuality "1"]

1. d4 d5 2. Nf3 Nf6 3. c4 c6 4. Nc3 a6 5. g3 Bf5 6. Bg2 e6 7. O-O h6 8. Qb3 b5
9. cxd5 cxd5 10. Ne5 Nbd7 11. Bf4 g5 12. Nxd7 Nxd7 13. Bd2 Nf6 14. Rfe1 Be7 15.
e4 Nxe4 16. Nxe4 Bxe4 17. Bxe4 dxe4 18. Rxe4 O-O 19. Rae1 Bf6 20. Bb4 Qd7 21.
Bxf8 Rxf8 22. h4 gxh4 23. Qf3 Qd8 24. Rg4+ Kh8 25. Rf4 Kg7 26. Rg4+ Kh8 27. Qf4
Bg5 28. Qe5+ f6 29. Qxe6 f5 30. Rxh4 Bxh4 31. Qxh6+ Kg8 32. gxh4 Qc8 33. Qg5+
Kh8 34. Re7 1-0

[Event "Scarborough Open"]
[Site "Scarborough"]
[Date "2023.10.27"]
[Round "1.4"]
[White "Keely, Leo A"]
[Black "Jackson, Edward"]
[Result "0-1"]
[WhiteElo "1927"]
[BlackElo "2166"]
[PlyCount "164"]
[EventDate "2023.10.27"]
[EventType "swiss"]
[EventRounds "5"]
[EventCountry "ENG"]
[SourceTitle "BritBase"]
[Source "John Saunders"]
[SourceDate "2023.11.11"]
[SourceVersion "1"]
[SourceVersionDate "2023.11.11"]
[SourceQuality "1"]

1. e4 c6 2. d4 d5 3. Nd2 dxe4 4. Nxe4 Nf6 5. Nxf6+ exf6 6. c3 Bd6 7. Bd3 O-O 8.
Ne2 Re8 9. O-O Qc7 10. Ng3 Nd7 11. Qh5 Nf8 12. Bd2 g6 13. Qf3 f5 14. Rae1 Bd7
15. c4 Ne6 16. Bc3 Ng5 17. Qd1 h5 18. Nxh5 gxh5 19. Qxh5 Nh7 20. g4 Bf8 21.
gxf5 Qf4 22. Qh3 Ng5 23. Qg3 Rxe1 24. Bxe1 Bg7 25. f6 Qxf6 26. Bc3 Qf4 27. Kh1
Qf3+ 28. Qxf3 Nxf3 29. Be4 Nxd4 30. Rg1 c5 31. Bxb7 Rb8 32. Bd5 Be6 33. b4 Kf8
34. bxc5 Nf5 35. Bxg7+ Nxg7 36. c6 Nf5 37. Rd1 Ne7 38. Kg2 Rd8 39. h4 Nxd5 40.
Kg3 Ke7 41. cxd5 Rxd5 42. Rb1 Kd6 43. Rc1 Kc7 44. a3 Rd3+ 45. Kf4 Rd4+ 46. Kg5
Rg4+ 47. Kh5 Rg6 48. f3 Bd5 49. Rc3 Rg3 50. a4 Rxf3 51. Rc5 Bxc6 52. Kg4 Ra3
53. a5 Kd6 54. Rc2 Rxa5 55. h5 Bd7+ 56. Kh4 f6 57. h6 Ra4+ 58. Kg3 Rg4+ 59. Kf3
Rh4 60. Ra2 Rxh6 61. Rxa7 Rh4 62. Ra6+ Bc6+ 63. Kg3 Rc4 64. Kf2 Ke5 65. Ra5+
Kf4 66. Ra3 Rc2+ 67. Ke1 f5 68. Kd1 Rh2 69. Ra6 Be4 70. Ra3 Bf3+ 71. Ke1 Kg3
72. Ra7 Rh1+ 73. Kd2 Rd1+ 74. Kc2 f4 75. Rg7+ Kf2 76. Rf7 Rd4 77. Kc3 Ra4 78.
Kd2 Be2 79. Re7 f3 80. Rg7 Rd4+ 81. Kc3 Rd8 82. Rf7 Ke1 0-1

[Event "Scarborough Open"]
[Site "Scarborough"]
[Date "2023.10.27"]
[Round "1.5"]
[White "Mitchell, Martin"]
[Black "Fellowes, Billy"]
[Result "0-1"]
[WhiteElo "2186"]
[BlackElo "1759"]
[PlyCount "113"]
[EventDate "2023.10.27"]
[EventType "swiss"]
[EventRounds "5"]
[EventCountry "ENG"]
[SourceTitle "BritBase"]
[Source "John Saunders"]
[SourceDate "2023.11.11"]
[SourceVersion "1"]
[SourceVersionDate "2023.11.11"]
[SourceQuality "1"]

1. d4 Nf6 2. Nf3 e6 3. Bf4 c5 4. e3 Nc6 5. Nbd2 cxd4 6. exd4 d5 7. Bd3 Qb6 8.
Nb3 Bd7 9. Ne5 Rc8 10. O-O Be7 11. Bg5 Nxe5 12. dxe5 Ng8 13. Be3 Qc7 14. Qg4
Bf8 15. Rfc1 Qxe5 16. Bd4 Nh6 17. Qf3 Qg5 18. c4 dxc4 19. Rxc4 Rxc4 20. Bxc4
Bc6 21. Qg3 Qxg3 22. hxg3 b6 23. Rc1 Bd7 24. Bd3 Kd8 25. Be5 b5 26. Nd4 a6 27.
Nc6+ Ke8 28. Nb8 f6 29. Bc7 Nf7 30. Nxa6 Bd6 31. Bxd6 Nxd6 32. Rc7 Kd8 33. Ra7
Nc8 34. Ra8 Bc6 35. Rb8 Ke7 36. Bxb5 Bxb5 37. Rxb5 Nd6 38. Rc5 Ra8 39. Nb4 Kd7
40. Kf1 Ne4 41. Rc2 Kd6 42. b3 Rb8 43. Nd3 e5 44. Ke2 Ng5 45. f3 Ne6 46. Ke3
Nd4 47. Rb2 Nf5+ 48. Kf2 Kd5 49. Rc2 Nd4 50. Rc7 Ne6 51. Rd7+ Kc6 52. Ra7 Nc7
53. b4 Rd8 54. Ke2 Kb6 55. Ra3 Nb5 56. Ra5 Nd4+ 57. Kf2 0-1

[Event "Scarborough Open"]
[Site "Scarborough"]
[Date "2023.10.27"]
[Round "1.6"]
[White "Grillage, Andrew"]
[Black "Badacsonyi, Stanley"]
[Result "0-1"]
[WhiteElo "1990"]
[BlackElo "2008"]
[PlyCount "108"]
[EventDate "2023.10.27"]
[EventType "swiss"]
[EventRounds "5"]
[EventCountry "ENG"]
[SourceTitle "BritBase"]
[Source "John Saunders"]
[SourceDate "2023.11.11"]
[SourceVersion "1"]
[SourceVersionDate "2023.11.11"]
[SourceQuality "1"]

1. d4 Nf6 2. Nf3 g6 3. Nc3 d5 4. Bf4 Bg7 5. e3 O-O 6. Nb5 Na6 7. h3 Ne4 8. Bd3
c6 9. Nc3 Nxc3 10. bxc3 c5 11. O-O c4 12. Be2 Nc7 13. Rb1 Re8 14. Bh2 b6 15.
Nd2 Bd7 16. Qc1 Bc6 17. e4 Rc8 18. e5 e6 19. Nf3 Qe7 20. Bf4 Nb5 21. Qb2 Qa3
22. Qxa3 Nxa3 23. Rb2 Ba4 24. Bd1 Bf8 25. Bd2 Rb8 26. Nh2 Rec8 27. Ng4 Be7 28.
f4 a5 29. Nf6+ Kh8 30. g4 b5 31. f5 b4 32. fxg6 hxg6 33. g5 Kg7 34. Ng4 bxc3
35. Rxb8 Rxb8 36. Bc1 Nb1 37. Nh6 Be8 38. h4 Nd2 39. Re1 Rb1 40. Bg4 Ne4 41.
Kf1 Ba4 42. Kg2 Nxg5 43. hxg5 Bxg5 44. Bd2 Rxe1 45. Bxe1 Bd2 46. Bd1 Kxh6 47.
Bg3 Kg5 48. Kf3 Kf5 49. Bh4 g5 50. Bf2 g4+ 51. Kg2 Ke4 52. Kg3 Be3 53. Bxe3
Kxe3 54. Kxg4 Kd2 0-1

[Event "Scarborough Open"]
[Site "Scarborough"]
[Date "2023.10.27"]
[Round "1.7"]
[White "Badacsonyi, Frankie"]
[Black "Brencher, Paul"]
[Result "1-0"]
[WhiteElo "2061"]
[BlackElo "1870"]
[PlyCount "171"]
[EventDate "2023.10.27"]
[EventType "swiss"]
[EventRounds "5"]
[EventCountry "ENG"]
[SourceTitle "BritBase"]
[Source "John Saunders"]
[SourceDate "2023.11.11"]
[SourceVersion "1"]
[SourceVersionDate "2023.11.11"]
[SourceQuality "1"]

1. d4 Nf6 2. c4 e6 3. g3 Bb4+ 4. Bd2 a5 5. Bg2 d6 6. Nf3 Nbd7 7. O-O e5 8. Nc3
O-O 9. Qc2 Qe7 10. e4 Bxc3 11. Bxc3 c5 12. d5 Nb6 13. b3 Nbd7 14. Ne1 Ne8 15.
Nd3 Nc7 16. a4 b6 17. f4 f6 18. f5 Na6 19. h4 Nb4 20. Qe2 Nxd3 21. Qxd3 Kf7 22.
Kf2 Ke8 23. Ke2 Kd8 24. Kd2 Kc7 25. Kc2 Rh8 26. Bf3 Nf8 27. g4 h6 28. Rg1 Nh7
29. Rg2 Bd7 30. Bd2 Raf8 31. Kb2 Kb8 32. Be3 Be8 33. Rag1 Kc7 34. Ka3 Kb7 35.
Qd2 Kc7 36. g5 hxg5 37. hxg5 fxg5 38. Bxg5 Nf6 39. Be3 Rh7 40. Rg3 Bh5 41. Bxh5
Nxh5 42. Rg6 Nf6 43. Qg2 Rf7 44. Bg5 Rh8 45. Qf3 Rh7 46. Rh1 Rxh1 47. Qxh1 Qf8
48. Qh4 Kd7 49. Kb2 Kc7 50. Kc3 Kd7 51. Kd3 Ke8 52. Be3 Kd7 53. Rg2 Ke8 54. Rh2
Ke7 55. Bg5 Ke8 56. Rh3 Ke7 57. Ke3 Ke8 58. Kf3 Ke7 59. Qh5 Ke8 60. Qg6 Kd7 61.
Be3 Ke7 62. Rh4 Kd7 63. Qg3 Qe7 64. Bg5 Qf8 65. Qh3 Kc7 66. Rh8 Qe7 67. Ra8 Kb7
68. Qh8 Qc7 69. Bh4 Rd7 70. Rf8 Rf7 71. Rd8 Re7 72. Qf8 Ka7 73. Rc8 Qb7 74.
Bxf6 gxf6 75. Qxf6 Qxc8 76. Qxe7+ Ka6 77. Qg7 Qe8 78. Kg4 Qc8 79. Kg5 Qd8+ 80.
f6 b5 81. axb5+ Kb6 82. Kg6 Qe8+ 83. f7 Qd7 84. f8=Q Qg4+ 85. Kf7 Qd7+ 86. Kg8
1-0

[Event "Scarborough Open"]
[Site "Scarborough"]
[Date "2023.10.27"]
[Round "1.8"]
[White "Blackford, Ross"]
[Black "Raju, Sooraj Menothuparam"]
[Result "1/2-1/2"]
[WhiteElo "1779"]
[BlackElo "1925"]
[PlyCount "68"]
[EventDate "2023.10.27"]
[EventType "swiss"]
[EventRounds "5"]
[EventCountry "ENG"]
[SourceTitle "BritBase"]
[Source "John Saunders"]
[SourceDate "2023.11.11"]
[SourceVersion "1"]
[SourceVersionDate "2023.11.11"]
[SourceQuality "1"]

1. e4 Nf6 2. e5 Nd5 3. d4 d6 4. Nf3 g6 5. Be2 Bg7 6. O-O O-O 7. c4 Nb6 8. Nc3
Nc6 9. exd6 cxd6 10. Be3 Bg4 11. b3 d5 12. c5 Nc8 13. Rc1 e6 14. Qd2 N8e7 15.
Ne1 Bxe2 16. Nxe2 Nf5 17. b4 Re8 18. Nc2 e5 19. Rfd1 Nxe3 20. Nxe3 exd4 21. Nc2
Qh4 22. g3 Qh6 23. Nexd4 Qxd2 24. Rxd2 Bxd4 25. Nxd4 Nxb4 26. Rb1 Na6 27. c6
bxc6 28. Nxc6 Re6 29. Nd4 Rb6 30. Re1 Kf8 31. Re5 Rd8 32. Ne2 Re6 33. Nd4 Red6
34. Rb2 Nc5 1/2-1/2

[Event "Scarborough Open"]
[Site "Scarborough"]
[Date "2023.10.27"]
[Round "1.10"]
[White "De Sousa Muachikape, Jael J"]
[Black "Potter, John M"]
[Result "0-1"]
[WhiteElo "1782"]
[BlackElo "1984"]
[PlyCount "80"]
[EventDate "2023.10.27"]
[EventType "swiss"]
[EventRounds "5"]
[EventCountry "ENG"]
[SourceTitle "BritBase"]
[Source "John Saunders"]
[SourceDate "2023.11.11"]
[SourceVersion "1"]
[SourceVersionDate "2023.11.11"]
[SourceQuality "1"]

1. d4 Nf6 2. c4 g6 3. Nc3 Bg7 4. e4 d6 5. Be2 O-O 6. Nf3 Nc6 7. O-O e5 8. Bg5
h6 9. Bxf6 Bxf6 10. dxe5 Nxe5 11. Nd4 Nc6 12. Nxc6 bxc6 13. Qd2 Rb8 14. Rab1
Bg7 15. f4 Qf6 16. Kh1 Qd4 17. Qc2 Re8 18. Bd3 Qc5 19. f5 Bxc3 20. Qxc3 Qe5 21.
Qd2 g5 22. Qe2 Qf6 23. b4 Bd7 24. Rb3 Re5 25. Qf2 a5 26. Qa7 Qd8 27. Rfb1 Ra8
28. Qf2 axb4 29. Rxb4 c5 30. R4b2 Kg7 31. Qc2 Bc6 32. Qc3 Qf6 33. Re2 Rxf5 34.
Qxf6+ Rxf6 35. e5 dxe5 36. Rxe5 Rxa2 37. Rxc5 Bxg2+ 38. Kg1 Ba8 39. Bf1 Rf4 40.
h3 Rf3 0-1

[Event "Scarborough Open"]
[Site "Scarborough"]
[Date "2023.10.27"]
[Round "1.11"]
[White "Milson, Samuel A"]
[Black "Ridge, Michael"]
[Result "1-0"]
[WhiteElo "2074"]
[BlackElo "1783"]
[PlyCount "79"]
[EventDate "2023.10.27"]
[EventType "swiss"]
[EventRounds "5"]
[EventCountry "ENG"]
[SourceTitle "BritBase"]
[Source "John Saunders"]
[SourceDate "2023.11.11"]
[SourceVersion "1"]
[SourceVersionDate "2023.11.11"]
[SourceQuality "1"]

1. e4 c5 2. Nf3 g6 3. d4 cxd4 4. Nxd4 Nc6 5. c4 Bg7 6. Be3 Nf6 7. Nc3 Ng4 8.
Qxg4 Nxd4 9. Qd1 Ne6 10. Rc1 Qa5 11. Be2 b6 12. O-O Bb7 13. f3 h5 14. Qd2 g5
15. Rfd1 d6 16. Nd5 Qxd2 17. Rxd2 Rc8 18. Rcc2 Bxd5 19. exd5 Nf4 20. Bf1 h4 21.
g3 hxg3 22. hxg3 Nh5 23. Bh3 Rc7 24. Kg2 Be5 25. Bf2 Kf8 26. b4 Kg7 27. Bf5 Kf6
28. Bd3 e6 29. Re2 Ng7 30. g4 Ke7 31. c5 bxc5 32. bxc5 Kf6 33. Rxe5 Kxe5 34.
Re2+ Kxd5 35. Be4+ Kc4 36. cxd6 Rd7 37. Rc2+ Kb4 38. Bc6 Rhd8 39. Bc5+ Ka5 40.
Rc4 1-0

[Event "Scarborough Open"]
[Site "Scarborough"]
[Date "2023.10.27"]
[Round "1.12"]
[White "Garnett, John S"]
[Black "White, Stuart A"]
[Result "1/2-1/2"]
[WhiteElo "1805"]
[BlackElo "2024"]
[PlyCount "43"]
[EventDate "2023.10.27"]
[EventType "swiss"]
[EventRounds "5"]
[EventCountry "ENG"]
[SourceTitle "BritBase"]
[Source "John Saunders"]
[SourceDate "2023.11.11"]
[SourceVersion "1"]
[SourceVersionDate "2023.11.11"]
[SourceQuality "1"]

1. d4 Nf6 2. Bg5 d5 3. e3 c5 4. Bxf6 gxf6 5. c4 cxd4 6. Qxd4 Be6 7. cxd5 Qxd5
8. Nf3 Nc6 9. Qa4 O-O-O 10. Nc3 Qa5 11. Qxa5 Nxa5 12. Nd4 Bd7 13. O-O-O e6 14.
Bb5 Nc6 15. Nxc6 bxc6 16. Be2 f5 17. a3 Kc7 18. Rd2 Be7 19. Rhd1 Bc8 20. Rxd8
Rxd8 21. Rxd8 Kxd8 22. g3 1/2-1/2

[Event "Scarborough Open"]
[Site "Scarborough"]
[Date "2023.10.27"]
[Round "1.13"]
[White "Varley, Joe"]
[Black "Han, Qixiang"]
[Result "1-0"]
[WhiteElo "1967"]
[BlackElo "1671"]
[PlyCount "85"]
[EventDate "2023.10.27"]
[EventType "swiss"]
[EventRounds "5"]
[EventCountry "ENG"]
[SourceTitle "BritBase"]
[Source "John Saunders"]
[SourceDate "2023.11.11"]
[SourceVersion "1"]
[SourceVersionDate "2023.11.11"]
[SourceQuality "1"]

1. e4 c5 2. Nf3 d6 3. c3 Nf6 4. h3 g6 5. Bd3 Bg7 6. O-O O-O 7. Re1 Nc6 8. Bc2
b5 9. d4 cxd4 10. cxd4 Bb7 11. a3 Rc8 12. Be3 Na5 13. Nbd2 Nc4 14. Nxc4 bxc4
15. Bd2 Nd7 16. Bc3 Qc7 17. Qe2 Rce8 18. Rad1 Nb6 19. Qe3 Kh8 20. Re2 e5 21.
dxe5 dxe5 22. Red2 f5 23. Bb4 Rf7 24. Ng5 Rf6 25. a4 h6 26. Nf3 fxe4 27. Bxe4
c3 28. Rc2 Nc4 29. Qe2 Bxe4 30. Qxe4 Nxb2 31. Rxc3 Qb6 32. a5 Qb8 33. Rd7 Qb5
34. Rcc7 Rg8 35. Bc3 Qb8 36. Bxe5 Qf8 37. Qd4 Rf4 38. Rxg7 Rxg7 39. Bxg7+ Kg8
40. Qd5+ Qf7 41. Rxf7 Rxf7 42. Ne5 Kxg7 43. Qxf7+ 1-0

[Event "Scarborough Open"]
[Site "Scarborough"]
[Date "2023.10.27"]
[Round "1.14"]
[White "Van Kemenade, Rudy"]
[Black "Longson, Sarah N"]
[Result "1/2-1/2"]
[WhiteElo "1946"]
[BlackElo "2006"]
[PlyCount "121"]
[EventDate "2023.10.27"]
[EventType "swiss"]
[EventRounds "5"]
[EventCountry "ENG"]
[SourceTitle "BritBase"]
[Source "John Saunders"]
[SourceDate "2023.11.11"]
[SourceVersion "1"]
[SourceVersionDate "2023.11.11"]
[SourceQuality "1"]

1. e4 e5 2. Nf3 Nc6 3. Bc4 Nf6 4. d3 Be7 5. c3 O-O 6. O-O d5 7. exd5 Nxd5 8.
Re1 Bg4 9. h3 Bh5 10. Nbd2 Nb6 11. Bb5 f6 12. Bxc6 bxc6 13. Ne4 Qd5 14. g4 Bf7
15. Qe2 Rad8 16. d4 exd4 17. Nxd4 Rfe8 18. f3 Bg6 19. Bf4 Bc5 20. Bxc7 Rd7 21.
Bxb6 axb6 22. Kg2 Bxd4 23. cxd4 Rde7 24. Qf2 Bxe4 25. fxe4 Rxe4 26. Rxe4 Rxe4
27. Qf3 Re2+ 28. Kg3 Qe6 29. Qf5 Qxf5 30. gxf5 Rxb2 31. Rc1 Rxa2 32. Rxc6 Rd2
33. Rxb6 Rxd4 34. Rb8+ Kf7 35. Rb7+ Kf8 36. Ra7 h5 37. Ra8+ Kf7 38. Ra7+ Kg8
39. h4 Rg4+ 40. Kh3 Rf4 41. Ra5 Re4 42. Ra8+ Kh7 43. Ra3 Re5 44. Rf3 Kg8 45.
Kg3 Kf7 46. Kf4 Re1 47. Rf2 Rg1 48. Rh2 Rg4+ 49. Kf3 Ke7 50. Re2+ Kd6 51. Re6+
Kd5 52. Re7 Rxh4 53. Rxg7 Ke5 54. Kg3 Rh1 55. Kg2 Ra1 56. Rh7 Kxf5 57. Rxh5+
Kg4 58. Rb5 Ra2+ 59. Kf1 f5 60. Rb3 f4 61. Rc3 1/2-1/2

[Event "Scarborough Open"]
[Site "Scarborough"]
[Date "2023.10.27"]
[Round "1.15"]
[White "Rogerson, Mark W"]
[Black "Sheikh, Anum"]
[Result "1-0"]
[WhiteElo "2075"]
[BlackElo "1735"]
[PlyCount "45"]
[EventDate "2023.10.27"]
[EventType "swiss"]
[EventRounds "5"]
[EventCountry "ENG"]
[SourceTitle "BritBase"]
[Source "John Saunders"]
[SourceDate "2023.11.11"]
[SourceVersion "1"]
[SourceVersionDate "2023.11.11"]
[SourceQuality "1"]

1. e4 c5 2. Nf3 e6 3. d4 cxd4 4. Nxd4 Nc6 5. Nc3 Qc7 6. Be3 a6 7. Qf3 Ne5 8.
Qg3 Nf6 9. O-O-O d6 10. f4 Nc4 11. Bxc4 Qxc4 12. e5 dxe5 13. fxe5 Nd5 14. Nxd5
exd5 15. Kb1 Be6 16. Nxe6 fxe6 17. Rd3 Qc7 18. Rf1 Bb4 19. Qg4 Qe7 20. Bg5 Rf8
21. Rxf8+ Qxf8 22. Qxe6+ Be7 23. Rf3 1-0

[Event "Scarborough Open"]
[Site "Scarborough"]
[Date "2023.10.27"]
[Round "1.17"]
[White "McLean, Robert"]
[Black "Ilett, Raymond J"]
[Result "0-1"]
[WhiteElo "1892"]
[BlackElo "1773"]
[PlyCount "44"]
[EventDate "2023.10.27"]
[EventType "swiss"]
[EventRounds "5"]
[EventCountry "ENG"]
[SourceTitle "BritBase"]
[Source "John Saunders"]
[SourceDate "2023.11.11"]
[SourceVersion "1"]
[SourceVersionDate "2023.11.11"]
[SourceQuality "1"]

1. e4 Nc6 2. Nf3 d5 3. exd5 Qxd5 4. Nc3 Qa5 5. d4 Bg4 6. Bb5 O-O-O 7. Bxc6 bxc6
8. h3 Bh5 9. Qd3 e6 10. Ne5 Ne7 11. Qc4 c5 12. Be3 Rd5 13. O-O f6 14. Nxd5 exd5
15. Nc6 Nxc6 16. Qxd5 cxd4 17. Qxc6 dxe3 18. Qa8+ Kd7 19. Rfd1+ Bxd1 20. Rxd1+
Bd6 21. Qxh8 e2 22. Qxg7+ Kc6 0-1

[Event "Scarborough Open"]
[Site "Scarborough"]
[Date "2023.10.27"]
[Round "1.18"]
[White "Gosling, Marcus"]
[Black "Alldritt, Nigel RE"]
[Result "0-1"]
[WhiteElo "1916"]
[BlackElo "1999"]
[PlyCount "88"]
[EventDate "2023.10.27"]
[EventType "swiss"]
[EventRounds "5"]
[EventCountry "ENG"]
[SourceTitle "BritBase"]
[Source "John Saunders"]
[SourceDate "2023.11.11"]
[SourceVersion "1"]
[SourceVersionDate "2023.11.11"]
[SourceQuality "1"]

1. d4 Nf6 2. c4 g6 3. Nc3 d5 4. cxd5 Nxd5 5. Bd2 Bg7 6. e4 Nxc3 7. Bxc3 O-O 8.
Be2 b6 9. Nf3 Bb7 10. Qc2 e6 11. Rc1 Nc6 12. Rd1 Qe7 13. a3 Rfd8 14. O-O Rac8
15. Rfe1 Nb8 16. Qb1 Nd7 17. b4 Nf6 18. Bd3 Ne8 19. Qb2 Nd6 20. b5 c6 21. bxc6
Rxc6 22. Bb4 Qc7 23. Bxd6 Qxd6 24. e5 Qe7 25. Be4 Rcc8 26. Ng5 Qxg5 27. Bxb7
Rc7 28. Ba6 Qe7 29. Rc1 Bh6 30. Rc3 Rxc3 31. Qxc3 Bf8 32. a4 Qb4 33. Qxb4 Bxb4
34. Rd1 Bc3 35. Rd3 Bxd4 36. Kf1 Kf8 37. Ke2 g5 38. Kf3 Ke7 39. Kg4 Bxe5 40.
Rxd8 Kxd8 41. g3 h6 42. Kh5 Bg7 43. h4 gxh4 44. Kxh4 Ke7 0-1

[Event "Scarborough Open"]
[Site "Scarborough"]
[Date "2023.10.27"]
[Round "1.19"]
[White "Karumazondo, R Ernest"]
[Black "Patel, Keatan"]
[Result "1/2-1/2"]
[WhiteElo "1934"]
[BlackElo "1700"]
[PlyCount "76"]
[EventDate "2023.10.27"]
[EventType "swiss"]
[EventRounds "5"]
[EventCountry "ENG"]
[SourceTitle "BritBase"]
[Source "John Saunders"]
[SourceDate "2023.11.11"]
[SourceVersion "1"]
[SourceVersionDate "2023.11.11"]
[SourceQuality "1"]

1. e4 c6 2. Nf3 d5 3. exd5 cxd5 4. Ne5 a6 5. d4 Nc6 6. c3 Nf6 7. Nd2 g6 8. Bd3
Bg7 9. f4 e6 10. O-O O-O 11. Qe2 Ne7 12. Kh1 Ne8 13. a4 Nd6 14. a5 f6 15. Nef3
Nc6 16. Nb3 Re8 17. Qf2 e5 18. fxe5 fxe5 19. Bg5 Qc7 20. dxe5 Nxe5 21. Nxe5
Bxe5 22. Rae1 Bf5 23. Bxf5 Nxf5 24. Qc5 Qd6 25. g4 Qxc5 26. Nxc5 Nd6 27. Nd7
Bg7 28. Nb6 Rxe1 29. Rxe1 Re8 30. Rxe8+ Nxe8 31. Nxd5 Nd6 32. Bf6 Bf8 33. b4
Ne4 34. Bd4 Kf7 35. Kg2 Bd6 36. h3 Ke6 37. Ne3 Be5 38. h4 Nxc3 1/2-1/2

[Event "Scarborough Open"]
[Site "Scarborough"]
[Date "2023.10.27"]
[Round "1.20"]
[White "Day, Jonathan A"]
[Black "Larchikov, Maksym"]
[Result "1-0"]
[WhiteElo "1704"]
[BlackElo "1845"]
[PlyCount "49"]
[EventDate "2023.10.27"]
[EventType "swiss"]
[EventRounds "5"]
[EventCountry "ENG"]
[SourceTitle "BritBase"]
[Source "John Saunders"]
[SourceDate "2023.11.11"]
[SourceVersion "1"]
[SourceVersionDate "2023.11.11"]
[SourceQuality "1"]

1. e4 c6 2. d4 d5 3. exd5 cxd5 4. c4 Nf6 5. Nc3 Nc6 6. cxd5 Nxd5 7. g3 Be6 8.
Bg2 Nxc3 9. bxc3 Bd5 10. Nf3 e6 11. O-O Be7 12. Qe2 O-O 13. Rb1 b6 14. c4 Bxf3
15. Qxf3 Rc8 16. d5 Ne5 17. Qe2 Nxc4 18. dxe6 fxe6 19. Bh3 Kh8 20. Bxe6 Re8 21.
Bxc4 Bc5 22. Qg4 Rf8 23. Bb2 Qe7 24. Kg2 Qb7+ 25. f3 1-0

[Event "Scarborough Open"]
[Site "Scarborough"]
[Date "2023.10.27"]
[Round "1.21"]
[White "Hutchinson, Paul A"]
[Black "Han, Qixuan"]
[Result "1-0"]
[WhiteElo "2011"]
[BlackElo "1532"]
[PlyCount "71"]
[EventDate "2023.10.27"]
[EventType "swiss"]
[EventRounds "5"]
[EventCountry "ENG"]
[SourceTitle "BritBase"]
[Source "John Saunders"]
[SourceDate "2023.11.11"]
[SourceVersion "1"]
[SourceVersionDate "2023.11.11"]
[SourceQuality "1"]

1. d4 d5 2. Bf4 Nf6 3. e3 c5 4. Nf3 Nc6 5. Nbd2 e6 6. c3 Bd6 7. Bg3 O-O 8. Bd3
Re8 9. Ne5 Qc7 10. f4 b6 11. Ndf3 cxd4 12. exd4 Na5 13. Qe2 Bb7 14. Ng5 Rf8 15.
Ng4 Ne4 16. O-O Nxg5 17. fxg5 Bxg3 18. hxg3 Nc6 19. Nf6+ gxf6 20. gxf6 Qxg3 21.
Rf3 Qg4 22. Qf2 Kh8 23. Rg3 Qh4 24. Rg8+ Rxg8 25. Qxh4 Rg6 26. Bxg6 fxg6 27.
Qh6 Rg8 28. f7 Ne7 29. Qg5 Kg7 30. Qxe7 Rf8 31. Rf1 Ba6 32. Qf6+ Kh6 33. Rf3
Be2 34. Rh3+ Bh5 35. g4 Rxf7 36. g5# 1-0

[Event "Scarborough Open"]
[Site "Scarborough"]
[Date "2023.10.27"]
[Round "1.22"]
[White "Isaacs, Ruairi"]
[Black "Pal, Rohan"]
[Result "1/2-1/2"]
[WhiteElo "1457"]
[BlackElo "1920"]
[PlyCount "83"]
[EventDate "2023.10.27"]
[EventType "swiss"]
[EventRounds "5"]
[EventCountry "ENG"]
[SourceTitle "BritBase"]
[Source "John Saunders"]
[SourceDate "2023.11.11"]
[SourceVersion "1"]
[SourceVersionDate "2023.11.11"]
[SourceQuality "1"]

1. d4 Nf6 2. c4 e6 3. Nc3 d5 4. cxd5 exd5 5. Bg5 c6 6. Qc2 Bd6 7. e3 O-O 8. Bd3
h6 9. Bh4 Re8 10. Nf3 Be6 11. O-O Nbd7 12. a3 a5 13. Na4 Qc7 14. Nc5 Bg4 15.
Nxd7 Nxd7 16. Bg3 Bxg3 17. hxg3 Qd6 18. Rac1 Rac8 19. Qa4 Ra8 20. Qc2 a4 21.
Bf5 Bxf5 22. Qxf5 g6 23. Qf4 Qxf4 24. gxf4 Ra5 25. Ne5 Nxe5 26. fxe5 Rb5 27.
Rc2 Ra8 28. Rfc1 Ra6 29. Rd1 Rab6 30. Rdd2 f6 31. exf6 Kf7 32. Kh2 Kxf6 33. Kg3
Kf5 34. Kf3 h5 35. Re2 g5 36. Kg3 h4+ 37. Kh3 Ra6 38. Kh2 g4 39. f3 Rb3 40.
fxg4+ Kxg4 41. e4 Rd3 42. exd5 1/2-1/2